01121nam a2200277 i 4500001000700000003000900007005001700016008004100033020001500074080001100089245008100100260004500181300002700226500002000253500001500273594014000288650002800428650002500456650004100481700002900522700003800551740005300589852005900642999001900701952012300720173225ES-MaACL20250822030846.0091119s1972 xxu rn |||| | eng d a0677138504 a159.9504aThe psychology of knowing / cedited by Joseph R. Royce and Wm. W. Rozeboom. aNew York : bGordon and Breach, c[1972] aVII, 496 p. ; c24 cm. aBibliografía. aÍndices. aEn verso de port.: The Second Banff Conference on Theoretical Psychology... supported by the Scientific Affairs Division of the...NATO. 4aEpistemología.912338 4aConocimiento.91128107aPsicología cognitiva2embne9165541 aRoyce, Joseph R.91415801 aRozeboom, William Warren.91415810 aBanff Conference on Theoretical Psychology. n2.4 aES-MaACLjE-13201 9R.138203 . - zDonativo Dr. Calles c173225d173225 00104070aATENEOMbATENEOMcDEPO2d2009-11-19eDONl0oE-13201p1181765r2023-02-23 00:00:00w2023-02-23yMONOGRAFIA